[Event "Goa op 2nd"]
[Site "Taleigao"]
[Date "2019.06.19"]
[Round "3"]
[White "Mohammad, Nubairshah Shaikh"]
[Black "Mari Arul, S."]
[Result "1-0"]
[WhiteElo "2436"]
[BlackElo "2175"]
[PlyCount "118"]
[EventDate "2019.06.18"]
[EventType "swiss"]
[EventRounds "10"]
[EventCountry "IND"]
[SourceTitle "CBM 191 Extra"]
[Source "ChessBase"]
[SourceDate "2019.09.30"]
[SourceVersion "1"]
[SourceVersionDate "2019.09.30"]
[SourceQuality "1"]

1. d4 Nf6 2. c4 e6 3. Nc3 Bb4 4. Qc2 0-0 5. e4 d5 6. e5 Ne4 7. Bd3 c5 8. Nge2 cxd4 9. Nxd4 Nd7 10. Bf4 Ndc5 11. 0-0 Bxc3 12. bxc3 Bd7 13. Be2 Na4 14. cxd5 exd5 15. c4 Rc8 16. Rac1 Nec3 17. Bd3 h6 18. cxd5 Nxd5 19. Qd2 Nxf4 20. Qxf4 Nc5 21. Bb1 Qg5 22. Qxg5 hxg5 23. g3 g6 24. Rfe1 Rfd8 25. Nf3 Ne6 26. Be4 Bc6 27. Bxc6 Rxc6 28. Rxc6 bxc6 29. h3 Rd5 30. Rc1 Ra5 31. Rxc6 Rxa2 32. Rc8+ Kg7 33. Nh2 Rd2 34. Ra8 Rd5 35. Ng4 a5 36. Kg2 Nf8 37. Kf3 Nd7 38. Ke4 Rb5 39. Ra7 Nc5+ 40. Kd5 Ne6+ 41. Kc6 Nd4+ 42. Kd7 Rd5+ 43. Ke8 Rd8+ 44. Kxd8 Nc6+ 45. Kc7 Nxa7 46. Kb6 Nc8+ 47. Kxa5 Ne7 48. Kb5 Nf5 49. Kc5 Kf8 50. Nf6 Ng7 51. Nh7+ Ke7 52. Nxg5 f6 53. exf6+ Kxf6 54. Nf3 Kf5 55. Kd5 g5 56. Nd4+ Kf6 57. Ke4 Ne8 58. Nf5 Nc7 59. Ne3 Ne8 1-0

[Event "New Delhi Parsvnath op-A 16th"]
[Site "New Delhi"]
[Date "2018.01.14"]
[Round "8"]
[White "Atalik, Suat"]
[Black "Mari Arul, S."]
[Result "1-0"]
[WhiteElo "2538"]
[BlackElo "2165"]
[PlyCount "97"]
[EventDate "2018.01.09"]
[EventType "swiss"]
[EventRounds "10"]
[EventCountry "IND"]
[SourceTitle "CBM 183"]
[Source "ChessBase"]
[SourceDate "2018.03.14"]
[SourceVersion "1"]
[SourceVersionDate "2018.03.14"]
[SourceQuality "1"]

1. d4 Nf6 2. c4 c5 3. d5 b5 4. cxb5 a6 5. bxa6 g6 6. Nc3 Bg7 7. e4 0-0 8. Bd2 e6 9. Bc4 exd5 10. exd5 d6 11. Nge2 Nbd7 12. 0-0 Nb6 13. Bb5 Bxa6 14. Bc6 Rb8 15. Bf4 Nh5 16. Bc1 Nc4 17. Qc2 Qa5 18. Rd1 Bc8 19. Ng3 Nxg3 20. hxg3 Bg4 21. Re1 Bd4 22. a4 Rb4 23. Ra2 Bf5 24. Qe2 Ne5 25. Bh6 Rfb8 26. Bb5 Rb3 27. Raa1 Bg4 28. Qc2 Rb4 29. Be3 Bf5 30. Qe2 Bg4 31. f3 Rxb2 32. Qxb2 Bxc3 33. Qe2 Bd7 34. Bxd7 Bxa1 35. Rxa1 Nxd7 36. Bf4 Qc3 37. Re1 Qd4+ 38. Kh2 Qxd5 39. Qe7 Ne5 40. Bxe5 dxe5 41. Rxe5 Qc6 42. a5 c4 43. Rc5 Qa6 44. Rc7 Rf8 45. Qc5 h5 46. Rc6 Qa8 47. a6 h4 48. gxh4 Qb8+ 49. Kh3 1-0

[Event "IND-ch Challengers 54th"]
[Site "Noida"]
[Date "2016.07.17"]
[Round "11"]
[White "Arjun, Kalyan"]
[Black "Mari Arul, S."]
[Result "1-0"]
[WhiteElo "2292"]
[BlackElo "2165"]
[PlyCount "79"]
[EventDate "2016.07.09"]
[EventType "swiss"]
[EventRounds "13"]
[EventCountry "IND"]
[SourceTitle "CBM 173 Extra"]
[Source "ChessBase"]
[SourceDate "2016.08.29"]
[SourceVersion "1"]
[SourceVersionDate "2016.08.29"]
[SourceQuality "1"]

1. e4 e6 2. d4 d5 3. Nc3 Nf6 4. Bg5 dxe4 5. Nxe4 Be7 6. Bxf6 gxf6 7. Nf3 f5 8. Nc3 a6 9. g3 b5 10. Bg2 Bb7 11. 0-0 0-0 12. Ne5 Bxg2 13. Kxg2 b4 14. Qf3 bxc3 15. Qxa8 Qxd4 16. Nd3 cxb2 17. Rab1 Nd7 18. Qxa6 Nb6 19. Nxb2 Qd5+ 20. Kg1 Ra8 21. Qd3 Rxa2 22. Qb3 Qxb3 23. cxb3 Nd5 24. Rfc1 Bf6 25. Nd1 Bd4 26. b4 Kg7 27. Rc4 Bb6 28. Rbc1 e5 29. Kf1 f4 30. b5 f3 31. R4c2 Ra5 32. Rb1 Bd4 33. Ke1 Ra3 34. Kd2 e4 35. Ke1 Kf6 36. Rd2 Ke5 37. Nb2 Nb6 38. Rc2 Bc3+ 39. Kf1 f5 40. Nd1 1-0

[Event "IND-ch Challengers 54th"]
[Site "Noida"]
[Date "2016.07.15"]
[Round "9"]
[White "Sangma, Rahul"]
[Black "Mari Arul, S."]
[Result "1-0"]
[WhiteElo "2307"]
[BlackElo "2165"]
[PlyCount "53"]
[EventDate "2016.07.09"]
[EventType "swiss"]
[EventRounds "13"]
[EventCountry "IND"]
[SourceTitle "CBM 173 Extra"]
[Source "ChessBase"]
[SourceDate "2016.08.29"]
[SourceVersion "1"]
[SourceVersionDate "2016.08.29"]
[SourceQuality "1"]

1. e4 e5 2. Nf3 Nc6 3. Bb5 a6 4. Ba4 Nf6 5. 0-0 Be7 6. Re1 b5 7. Bb3 0-0 8. d4 d6 9. c3 Bg4 10. d5 Na5 11. Bc2 c6 12. h3 Bc8 13. dxc6 Qc7 14. Nbd2 Qxc6 15. Nf1 Be6 16. Ng3 Rfe8 17. Nh4 d5 18. Nhf5 Bf8 19. exd5 Bxd5 20. Bg5 Rad8 21. Qb1 Bxg2 22. Bxf6 Bxh3 23. Nh6+ Kh8 24. Nxf7+ Kg8 25. Bxh7+ Kxf7 26. Qg6+ Ke6 27. Bxd8+ 1-0

[Event "IND-chB 48th"]
[Site "Bhiwani"]
[Date "2010.09.24"]
[Round "11"]
[White "Soumya, Swaminathan"]
[Black "Mari Arul, S."]
[Result "1-0"]
[WhiteElo "2281"]
[BlackElo "2157"]
[PlyCount "61"]
[EventDate "2010.09.16"]
[EventType "swiss"]
[EventRounds "13"]
[EventCountry "IND"]
[SourceTitle "CBM 138 Extra"]
[Source "ChessBase"]
[SourceDate "2010.10.29"]
[SourceVersion "1"]
[SourceVersionDate "2010.10.29"]
[SourceQuality "1"]

1. e4 e6 2. d4 d5 3. e5 c5 4. c3 Nc6 5. Nf3 Qb6 6. a3 Nh6 7. b4 cxd4 8. cxd4 Nf5 9. Bb2 Bd7 10. g4 Nfe7 11. Nc3 Na5 12. Nd2 Rc8 13. Rc1 Ng6 14. h4 Be7 15. g5 0-0 16. Ba1 Nc4 17. Nxc4 dxc4 18. Qg4 Bc6 19. Rg1 Rfd8 20. Ne4 Bxe4 21. Qxe4 a5 22. h5 Nf8 23. g6 hxg6 24. hxg6 Nxg6 25. Rxg6 fxg6 26. Qxg6 Rc6 27. Bh3 c3 28. Rxc3 Bxb4 29. axb4 Qxb4 30. Kf1 Qb5+ 31. Kg1 1-0

[Event "IND-chB 48th"]
[Site "Bhiwani"]
[Date "2010.09.23"]
[Round "10"]
[White "Mari Arul, S."]
[Black "Mehar, Chinna Reddy CH"]
[Result "1/2-1/2"]
[WhiteElo "2157"]
[BlackElo "2338"]
[PlyCount "99"]
[EventDate "2010.09.16"]
[EventType "swiss"]
[EventRounds "13"]
[EventCountry "IND"]
[SourceTitle "CBM 138 Extra"]
[Source "ChessBase"]
[SourceDate "2010.10.29"]
[SourceVersion "1"]
[SourceVersionDate "2010.10.29"]
[SourceQuality "1"]

1. e4 c5 2. Nf3 d6 3. d4 cxd4 4. Nxd4 Nf6 5. Nc3 Nc6 6. Bg5 e6 7. Qd2 a6 8. 0-0-0 Bd7 9. f4 b5 10. Bxf6 gxf6 11. Kb1 Qb6 12. Nxc6 Bxc6 13. f5 0-0-0 14. Bd3 h5 15. Rhf1 Bh6 16. Qe1 Rdf8 17. Qh4 Bg5 18. Qh3 Bd7 19. Ne2 Qc5 20. Nf4 Bxf4 21. Rxf4 a5 22. fxe6 fxe6 23. Qf3 Qe5 24. Rf1 Rh6 25. Qe3 Qc5 26. Qg3 a4 27. a3 Kc7 28. Qg7 Rhh8 29. Rxf6 Rfg8 30. Qe7 Re8 31. Qg7 Reg8 32. Qe7 Re8 33. Qg7 Rhg8 34. Qh7 Rxg2 35. Rf7 Rd8 36. Re7 Rg1 37. Rxg1 Qxg1+ 38. Ka2 Qg5 39. Qg7 Qxg7 40. Rxg7 Kb6 41. Rh7 Be8 42. Rh8 e5 43. Kb1 Kc7 44. Kc1 Bc6 45. Rxh5 Rg8 46. Kd2 Rg4 47. Ke3 Rg1 48. Kd2 Rg4 49. Ke3 Rg1 50. Kd2 1/2-1/2

[Event "IND-chB 48th"]
[Site "Bhiwani"]
[Date "2010.09.22"]
[Round "9"]
[White "Girinath, PDS"]
[Black "Mari Arul, S."]
[Result "1/2-1/2"]
[WhiteElo "2379"]
[BlackElo "2157"]
[PlyCount "54"]
[EventDate "2010.09.16"]
[EventType "swiss"]
[EventRounds "13"]
[EventCountry "IND"]
[SourceTitle "CBM 138 Extra"]
[Source "ChessBase"]
[SourceDate "2010.10.29"]
[SourceVersion "1"]
[SourceVersionDate "2010.10.29"]
[SourceQuality "1"]

1. e4 c5 2. Nf3 g6 3. g3 Bg7 4. Bg2 d6 5. c3 Nc6 6. 0-0 e5 7. d3 Nge7 8. a3 0-0 9. b4 b6 10. Bb2 Rb8 11. Nbd2 f5 12. Rb1 h6 13. Re1 g5 14. exf5 Bxf5 15. Nc4 Qd7 16. Ne3 Bg6 17. h4 g4 18. Nh2 h5 19. Be4 Bf7 20. b5 Nd8 21. c4 Ne6 22. f3 gxf3 23. Nxf3 Bg6 24. Bc1 Rf7 25. Rf1 Bh6 26. Rb2 Rbf8 27. Rbf2 Rg7 1/2-1/2

[Event "Chennai op 2nd"]
[Site "Chennai"]
[Date "2010.01.29"]
[Round "6"]
[White "Shivananda, BS."]
[Black "Mari Arul, S."]
[Result "1-0"]
[WhiteElo "2396"]
[BlackElo "2210"]
[PlyCount "65"]
[EventDate "2010.01.25"]
[EventType "swiss"]
[EventRounds "11"]
[EventCountry "IND"]
[SourceTitle "CBM 134 Extra"]
[Source "ChessBase"]
[SourceDate "2010.03.03"]
[SourceVersion "1"]
[SourceVersionDate "2010.03.03"]
[SourceQuality "1"]

1. e4 e6 2. b3 d5 3. Bb2 dxe4 4. Nc3 Nf6 5. g4 Nc6 6. g5 Nd5 7. Nxe4 h6 8. g6 f5 9. Ng3 Qd6 10. Nf3 Bd7 11. d4 Qf4 12. a3 0-0-0 13. Rg1 e5 14. dxe5 Be6 15. Bd3 Bc5 16. Nh5 Bxf2+ 17. Kxf2 Qe3+ 18. Kg2 Qc5 19. Kh1 f4 20. Qe2 Rhf8 21. b4 Qe7 22. b5 Na5 23. Bd4 c5 24. bxc6 Nxc6 25. Qf2 Ne3 26. Bxe3 fxe3 27. Qxe3 Bd5 28. Be4 Nxe5 29. Bxd5 Rxd5 30. Nf4 Qd6 31. Nxd5 Rxf3 32. Qe4 Rf2 33. Rg2 1-0

[Event "Commonwealth-ch"]
[Site "Nagpur"]
[Date "2008.10.05"]
[Round "10"]
[White "Mari Arul, S."]
[Black "Yashas, Devappa"]
[Result "1/2-1/2"]
[WhiteElo "2249"]
[BlackElo "1992"]
[PlyCount "67"]
[EventDate "2008.09.28"]
[EventType "swiss"]
[EventRounds "11"]
[EventCountry "IND"]
[SourceTitle "CBM 126 Extra"]
[Source "ChessBase"]
[SourceDate "2008.11.05"]
[SourceVersion "1"]
[SourceVersionDate "2008.11.05"]
[SourceQuality "1"]

1. e4 c5 2. Nf3 Nc6 3. Bb5 g6 4. 0-0 Bg7 5. Re1 Nh6 6. c3 0-0 7. d4 cxd4 8. cxd4 Qb6 9. Nc3 a6 10. Ba4 d6 11. h3 Kh8 12. Bb3 Na5 13. Bc2 Qd8 14. b3 b6 15. Bb2 Bb7 16. Ne2 Rc8 17. Ng3 Ng8 18. h4 e6 19. Bd3 Nc6 20. a3 Qd7 21. Rb1 Nce7 22. h5 Nf6 23. Qd2 Kg8 24. Qf4 h6 25. hxg6 fxg6 26. Qd2 Ng4 27. Rbd1 b5 28. Bb1 Rf7 29. Re2 Rcf8 30. Rf1 Qd8 31. Nh2 Nxh2 32. Kxh2 Nc6 33. Rh1 e5 34. b4 1/2-1/2

[Event "Commonwealth-ch"]
[Site "Nagpur"]
[Date "2008.10.03"]
[Round "8"]
[White "Mari Arul, S."]
[Black "Chandika, Divyasree"]
[Result "1/2-1/2"]
[WhiteElo "2249"]
[BlackElo "2081"]
[PlyCount "65"]
[EventDate "2008.09.28"]
[EventType "swiss"]
[EventRounds "11"]
[EventCountry "IND"]
[SourceTitle "CBM 126 Extra"]
[Source "ChessBase"]
[SourceDate "2008.11.05"]
[SourceVersion "1"]
[SourceVersionDate "2008.11.05"]
[SourceQuality "1"]

1. e4 e5 2. Nf3 Nc6 3. Bc4 Bc5 4. c3 Nf6 5. d3 a6 6. Bb3 Ba7 7. h3 d6 8. Nbd2 0-0 9. 0-0 h6 10. Re1 Nh5 11. Nc4 Qf6 12. Ne3 Nf4 13. Nd5 Nxd5 14. exd5 Ne7 15. d4 Ng6 16. Be3 exd4 17. Bxd4 Qf4 18. Bxa7 Rxa7 19. Qd4 Qxd4 20. cxd4 Bd7 21. Rac1 Rc8 22. Rc3 Kf8 23. Nd2 a5 24. a4 b5 25. axb5 Rb8 26. Rec1 Bxb5 27. Rxc7 Rxc7 28. Rxc7 Nf4 29. Ra7 Ne2+ 30. Kh2 Nxd4 31. Rxa5 Nxb3 32. Nxb3 Bd3 33. Nd4 1/2-1/2

[Event "Commonwealth-ch"]
[Site "Nagpur"]
[Date "2008.10.02"]
[Round "6"]
[White "Mari Arul, S."]
[Black "Gagare, Shardul"]
[Result "1/2-1/2"]
[WhiteElo "2249"]
[BlackElo "2070"]
[PlyCount "29"]
[EventDate "2008.09.28"]
[EventType "swiss"]
[EventRounds "11"]
[EventCountry "IND"]
[SourceTitle "CBM 126 Extra"]
[Source "ChessBase"]
[SourceDate "2008.11.05"]
[SourceVersion "1"]
[SourceVersionDate "2008.11.05"]
[SourceQuality "1"]

1. e4 c6 2. d4 d5 3. Nc3 dxe4 4. Nxe4 Nf6 5. Nxf6+ gxf6 6. Nf3 Bf5 7. Bd3 Nd7 8. 0-0 Bg6 9. Re1 e6 10. d5 cxd5 11. Bxg6 hxg6 12. Qxd5 Qc7 13. Qd4 Bc5 14. Qa4 Qc6 15. Qxc6 1/2-1/2

[Event "Commonwealth-ch"]
[Site "Nagpur"]
[Date "2008.09.30"]
[Round "3"]
[White "Panchanathan, Magesh Chandran"]
[Black "Mari Arul, S."]
[Result "1-0"]
[WhiteElo "2486"]
[BlackElo "2249"]
[PlyCount "71"]
[EventDate "2008.09.28"]
[EventType "swiss"]
[EventRounds "11"]
[EventCountry "IND"]
[SourceTitle "CBM 126 Extra"]
[Source "ChessBase"]
[SourceDate "2008.11.05"]
[SourceVersion "1"]
[SourceVersionDate "2008.11.05"]
[SourceQuality "1"]

1. e4 e5 2. Nf3 Nc6 3. Bb5 a6 4. Ba4 Nf6 5. 0-0 Be7 6. Re1 b5 7. Bb3 d6 8. c3 0-0 9. h3 Na5 10. Bc2 c5 11. d4 Nd7 12. Nbd2 exd4 13. cxd4 Nc6 14. d5 Nce5 15. a4 Rb8 16. Nf1 Nxf3+ 17. gxf3 Re8 18. f4 Bf6 19. axb5 axb5 20. Ra3 Bd4 21. Rg3 Qh4 22. Kg2 Nf6 23. Nh2 Nh5 24. Nf3 Nxf4+ 25. Kh2 Qf6 26. Nxd4 cxd4 27. Rf3 g5 28. Rg1 Kh8 29. Rxg5 Qxg5 30. Bxf4 Qg7 31. Bxd6 Rb6 32. Bc5 Rg6 33. Bxd4 f6 34. Rg3 Rg8 35. Qf3 h6 36. Rxg6 1-0

[Event "Mumbai Mayors Cup 1st"]
[Site "Mumbai"]
[Date "2008.05.16"]
[Round "8"]
[White "Mari Arul, S."]
[Black "Reefat, Bin Sattar"]
[Result "0-1"]
[WhiteElo "2238"]
[BlackElo "2487"]
[PlyCount "60"]
[EventDate "2008.05.11"]
[EventType "swiss"]
[EventRounds "11"]
[EventCountry "IND"]
[SourceTitle "CBM 124 Extra"]
[Source "ChessBase"]
[SourceDate "2008.07.03"]
[SourceVersion "1"]
[SourceVersionDate "2008.07.03"]
[SourceQuality "1"]

1. e4 e6 2. d4 d5 3. Nc3 Nf6 4. Bg5 Bb4 5. e5 h6 6. Be3 Ne4 7. Qg4 Kf8 8. a3 Bxc3+ 9. bxc3 c5 10. Bd3 h5 11. Qf4 Qa5 12. Ne2 Nxc3 13. 0-0 Nxe2+ 14. Bxe2 c4 15. a4 Nc6 16. Bd2 Qc7 17. Bc1 Kg8 18. Qe3 Ne7 19. c3 Nf5 20. Qd2 f6 21. f4 Bd7 22. Bd1 Be8 23. Re1 Bg6 24. Ba3 Kf7 25. Bc2 Rae8 26. Re2 Nh6 27. Bxg6+ Kxg6 28. Rae1 Kf7 29. g3 h4 30. exf6 gxf6 0-1

[Event "Mumbai Mayors Cup 1st"]
[Site "Mumbai"]
[Date "2008.05.15"]
[Round "6"]
[White "Mari Arul, S."]
[Black "Shashikant, Kutwal"]
[Result "1-0"]
[WhiteElo "2238"]
[BlackElo "2356"]
[PlyCount "43"]
[EventDate "2008.05.11"]
[EventType "swiss"]
[EventRounds "11"]
[EventCountry "IND"]
[SourceTitle "CBM 124 Extra"]
[Source "ChessBase"]
[SourceDate "2008.07.03"]
[SourceVersion "1"]
[SourceVersionDate "2008.07.03"]
[SourceQuality "1"]

1. e4 c5 2. Nf3 d6 3. Bb5+ Nc6 4. 0-0 Bg4 5. c3 Qb6 6. Na3 Nf6 7. d4 0-0-0 8. d5 Ne5 9. Be2 Bxf3 10. gxf3 g5 11. b4 Rg8 12. bxc5 dxc5 13. Rb1 Qd6 14. Qa4 a6 15. Be3 Rd7 16. Rb3 g4 17. f4 Nf3+ 18. Kh1 Nxd5 19. Nc4 Qh6 20. Bxf3 gxf3 21. exd5 Qg6 22. Qxd7+ 1-0

[Event "New Delhi Parsvnath op 6th"]
[Site "New Delhi"]
[Date "2008.01.15"]
[Round "5"]
[White "Mari Arul, S."]
[Black "Sandeep, Chitkara"]
[Result "1/2-1/2"]
[WhiteElo "2287"]
[BlackElo "2104"]
[PlyCount "68"]
[EventDate "2008.01.13"]
[EventType "swiss"]
[EventRounds "10"]
[EventCountry "IND"]
[SourceTitle "CBM 122 Extra"]
[Source "ChessBase"]
[SourceDate "2008.03.04"]
[SourceVersion "1"]
[SourceVersionDate "2008.03.04"]
[SourceQuality "1"]

1. e4 e6 2. d4 d5 3. Nc3 dxe4 4. Nxe4 Nd7 5. Nf3 Ngf6 6. Nxf6+ Nxf6 7. Bd3 Be7 8. Qe2 0-0 9. Bg5 c5 10. dxc5 Qa5+ 11. c3 Qxc5 12. 0-0 Bd7 13. Rad1 Bc6 14. Ne5 Rad8 15. Rfe1 Qa5 16. b4 Qc7 17. Bf4 Bd6 18. b5 Be8 19. c4 Nd7 20. Bxh7+ Kxh7 21. Qd3+ Kg8 22. Qxd6 Qxd6 23. Rxd6 f6 24. Nf3 e5 25. Be3 Rc8 26. Rc1 Nc5 27. Rd5 Ne4 28. a4 a6 29. Rdd1 Nc5 30. Bxc5 Rxc5 31. Nd2 Bf7 32. Ne4 Rxc4 33. Rxc4 Bxc4 34. Rd7 axb5 1/2-1/2

[Event "Commonwealth-ch"]
[Site "New Delhi"]
[Date "2007.12.09"]
[Round "9"]
[White "Mari Arul, S."]
[Black "Fenil, Shah"]
[Result "1/2-1/2"]
[WhiteElo "2285"]
[BlackElo "2124"]
[PlyCount "82"]
[EventDate "2007.12.03"]
[EventType "swiss"]
[EventRounds "10"]
[EventCountry "IND"]
[SourceTitle "CBM 121 Extra"]
[Source "ChessBase"]
[SourceDate "2008.01.10"]
[SourceVersion "1"]
[SourceVersionDate "2008.01.10"]
[SourceQuality "1"]

1. e4 c5 2. Nf3 e6 3. d4 cxd4 4. Nxd4 Nc6 5. Nb5 d6 6. c4 Nf6 7. N1c3 a6 8. Na3 b6 9. Be2 Bb7 10. 0-0 Be7 11. Be3 0-0 12. Qb3 Nd7 13. Rfd1 Nc5 14. Qc2 Bf6 15. f3 Be5 16. Qd2 Qh4 17. g3 Qf6 18. Rac1 h6 19. Nab1 Qg6 20. Bf1 Rad8 21. Bg2 Nb4 22. Qe2 Bf6 23. a3 Nc6 24. Qc2 Ne5 25. Ne2 b5 26. Nf4 Qh7 27. cxb5 axb5 28. Bxc5 dxc5 29. Qxc5 Bc6 30. Nh5 Qg6 31. Nxf6+ Qxf6 32. Qc3 g5 33. b3 Rc8 34. Qe3 Ng6 35. Rc5 Rfd8 36. Rdc1 Bd7 37. Rxc8 Bxc8 38. Nc3 Bd7 39. Ne2 Qe7 40. Qc5 Qxc5+ 41. Rxc5 Ra8 1/2-1/2

[Event "Commonwealth-ch"]
[Site "New Delhi"]
[Date "2007.12.08"]
[Round "8"]
[White "Sachdev, Tania"]
[Black "Mari Arul, S."]
[Result "1-0"]
[WhiteElo "2413"]
[BlackElo "2285"]
[PlyCount "77"]
[EventDate "2007.12.03"]
[EventType "swiss"]
[EventRounds "10"]
[EventCountry "IND"]
[SourceTitle "CBM 121 Extra"]
[Source "ChessBase"]
[SourceDate "2008.01.10"]
[SourceVersion "1"]
[SourceVersionDate "2008.01.10"]
[SourceQuality "1"]

1. d4 Nf6 2. c4 e6 3. Nf3 c5 4. d5 b5 5. dxe6 fxe6 6. cxb5 d5 7. Nbd2 c4 8. e3 Bc5 9. Be2 0-0 10. 0-0 a6 11. bxa6 Nxa6 12. a3 Bb6 13. Qc2 Bd7 14. b3 cxb3 15. Nxb3 Ba4 16. Qa2 Ne4 17. Bb2 Bc7 18. Nbd2 Nac5 19. Nxe4 Nxe4 20. Be5 Bxe5 21. Nxe5 Qd6 22. Nf3 Rab8 23. Bd3 Nc5 24. Be2 Ne4 25. Rfe1 Rb6 26. Reb1 Rxb1+ 27. Qxb1 Rc8 28. Qb4 Qd7 29. Ba6 Ra8 30. Bd3 Nd6 31. Re1 Nf7 32. Qh4 g6 33. Qf6 Qc6 34. Nd4 Qc3 35. Qxe6 Re8 36. Qa6 Qxa3 37. Bb5 Rb8 38. Rf1 Bxb5 39. Qxa3 1-0

[Event "Commonwealth-ch"]
[Site "New Delhi"]
[Date "2007.12.04"]
[Round "3"]
[White "Mari Arul, S."]
[Black "Adith, Jagadish"]
[Result "1-0"]
[WhiteElo "2285"]
[BlackElo "2023"]
[PlyCount "103"]
[EventDate "2007.12.03"]
[EventType "swiss"]
[EventRounds "10"]
[EventCountry "IND"]
[SourceTitle "CBM 121 Extra"]
[Source "ChessBase"]
[SourceDate "2008.01.10"]
[SourceVersion "1"]
[SourceVersionDate "2008.01.10"]
[SourceQuality "1"]

1. e4 c5 2. Nf3 Nc6 3. Bb5 d6 4. 0-0 Bd7 5. c3 Nf6 6. Re1 a6 7. Bxc6 Bxc6 8. d4 cxd4 9. cxd4 e6 10. d5 Bd7 11. Nc3 e5 12. Qb3 Rb8 13. a4 b6 14. Qa3 Be7 15. Be3 Ng4 16. Bd2 h5 17. Na2 a5 18. b4 0-0 19. h3 Nh6 20. Nc3 f5 21. Bxh6 gxh6 22. Rab1 fxe4 23. Nxe4 Bf5 24. Rb3 Qd7 25. Nfd2 Kh7 26. Rf3 Qb7 27. Qd3 Bg6 28. Rg3 Bf5 29. b5 h4 30. Rf3 Bg6 31. Nc4 Rxf3 32. Qxf3 Qc7 33. Rc1 Bxe4 34. Qxe4+ Kg7 35. Rc3 Rf8 36. Qe3 Bg5 37. Qxb6 Qf7 38. Nxd6 Qxd5 39. Qb7+ Qxb7 40. Nxb7 Bd2 41. Rc7+ Kg8 42. Nd6 Bf4 43. Rc8 Rxc8 44. Nxc8 e4 45. Ne7+ Kf7 46. Nd5 Be5 47. Kf1 Ke6 48. Ne3 Kd7 49. Ke2 h5 50. Kd2 Kc7 51. Kc2 Bd4 52. Kb3 1-0

[Event "Commonwealth-ch"]
[Site "New Delhi"]
[Date "2007.12.03"]
[Round "2"]
[White "Niji, A."]
[Black "Mari Arul, S."]
[Result "1/2-1/2"]
[WhiteElo "1925"]
[BlackElo "2285"]
[PlyCount "51"]
[EventDate "2007.12.03"]
[EventType "swiss"]
[EventRounds "10"]
[EventCountry "IND"]
[SourceTitle "CBM 121 Extra"]
[Source "ChessBase"]
[SourceDate "2008.01.10"]
[SourceVersion "1"]
[SourceVersionDate "2008.01.10"]
[SourceQuality "1"]

1. e4 e5 2. Nf3 Nc6 3. Bc4 Nf6 4. d3 Be7 5. Nc3 0-0 6. 0-0 d6 7. Be3 Na5 8. Bb3 c6 9. Ne2 Ng4 10. Qd2 Nxe3 11. fxe3 Nxb3 12. axb3 f5 13. Ng3 fxe4 14. Nxe4 Bg4 15. Rf2 Qc7 16. Raf1 d5 17. Ng3 Bc5 18. Nxe5 Qxe5 19. d4 Qe7 20. dxc5 Qxc5 21. Qd4 Qxd4 22. exd4 Rxf2 23. Kxf2 a5 24. Ke3 Re8+ 25. Kd2 h5 26. h3 1/2-1/2

[Event "IND Railways-ch"]
[Site "Chennai"]
[Date "2006.07.29"]
[Round "6"]
[White "Bartakke, Amardeep S"]
[Black "Mari Arul, S."]
[Result "0-1"]
[WhiteElo "2276"]
[BlackElo "2279"]
[PlyCount "70"]
[EventDate "2006.07.27"]
[EventType "tourn"]
[EventRounds "9"]
[EventCountry "IND"]
[SourceTitle "EXT 2010"]
[Source "ChessBase"]
[SourceDate "2010.11.25"]
[SourceVersion "1"]
[SourceVersionDate "2010.11.25"]
[SourceQuality "1"]

1. e4 c5 2. Nf3 d6 3. d4 cxd4 4. Nxd4 Nf6 5. Nc3 g6 6. Be3 Bg7 7. f3 Nc6 8. Qd2 0-0 9. Bc4 Bd7 10. h4 Rc8 11. Bb3 h5 12. 0-0-0 Ne5 13. Bg5 Rc5 14. g4 hxg4 15. h5 Nxh5 16. Nd5 Re8 17. f4 Nc4 18. Qe2 Na5 19. f5 Nxb3+ 20. Nxb3 Rxd5 21. Rxd5 Ng3 22. Qh2 Nxh1 23. fxg6 fxg6 24. Rd1 g3 25. Qxh1 Qb6 26. Qf3 Qf2 27. Qxf2 gxf2 28. Rf1 Rf8 29. Be3 Rf3 30. Bxa7 Bh6+ 31. Nd2 Re3 32. Bxe3 Bxe3 33. c4 Bg4 34. Kc2 Be2 35. b4 g5 0-1

[Event "Dubai op 7th"]
[Site "Dubai"]
[Date "2005.04.08"]
[Round "5"]
[White "Mari Arul, S."]
[Black "Zhao, Xue"]
[Result "1/2-1/2"]
[WhiteElo "2286"]
[BlackElo "2478"]
[PlyCount "56"]
[EventDate "2005.04.04"]
[EventType "swiss"]
[EventRounds "9"]
[EventCountry "UAE"]
[SourceTitle "CBM 105 Extra"]
[Source "ChessBase"]
[SourceDate "2005.05.01"]
[SourceVersion "1"]
[SourceVersionDate "2005.05.01"]
[SourceQuality "1"]

1. e4 c5 2. Nf3 d6 3. Bb5+ Nc6 4. 0-0 Bd7 5. c3 a6 6. Bxc6 Bxc6 7. Re1 Nf6 8. d4 Bxe4 9. Bg5 d5 10. Nbd2 Bxf3 11. Qxf3 e6 12. Bxf6 Qxf6 13. Qxd5 Qe7 14. Qe4 cxd4 15. cxd4 Rd8 16. Rac1 Qd7 17. Nf3 Bb4 18. Re3 Be7 19. Rec3 Bf6 20. Rc7 Qa4 21. Qxb7 0-0 22. a3 h6 23. R7c4 Qa5 24. Rc5 Qa4 25. R5c4 Qa5 26. Rc5 Qa4 27. R5c4 Qa5 28. Rc5 Qa4 1/2-1/2

[Event "Asia Cities-ch 14th"]
[Site "Tagaytay City"]
[Date "2004.03.23"]
[Round "4.2"]
[White "Foudzi, Sitii Zulaikha"]
[Black "Mari Arul, S."]
[Result "1/2-1/2"]
[WhiteElo "2162"]
[BlackElo "2322"]
[PlyCount "93"]
[EventDate "2004.03.21"]
[EventType "team"]
[EventRounds "9"]
[EventCountry "PHI"]
[SourceTitle "CBM 099 Extra"]
[Source "ChessBase"]
[SourceDate "2004.05.04"]
[SourceVersion "1"]
[SourceVersionDate "2004.05.04"]
[SourceQuality "1"]
[WhiteTeam "Kuala Lumpur"]
[BlackTeam "Kanchipuram"]
[WhiteTeamCountry "MAS"]
[BlackTeamCountry "IND"]

1. e4 e5 2. Nf3 Nc6 3. Bb5 a6 4. Ba4 Nf6 5. 0-0 Be7 6. Re1 b5 7. Bb3 d6 8. c3 0-0 9. h3 Na5 10. Bc2 c5 11. d4 Qc7 12. Nbd2 cxd4 13. cxd4 Bb7 14. Nf1 Rac8 15. Bb1 exd4 16. Nxd4 Rfe8 17. Ng3 d5 18. exd5 Bc5 19. Ne4 Nxe4 20. Bxe4 Qb6 21. Bd2 Bxd4 22. Bxa5 Bxf2+ 23. Kf1 Qf6 24. Qf3 Qxf3 25. gxf3 Bxe1 26. Rxe1 f5 27. Bxf5 Bxd5 28. Bxc8 Rxc8 29. Bc3 Bxa2 30. Re7 Bf7 31. Ra7 h6 32. Kf2 Rc6 33. Kg3 Rg6+ 34. Kf4 Bd5 35. h4 Bc4 36. b4 Bf7 37. Bd4 Rd6 38. Ke3 h5 39. Be5 Rc6 40. Bd4 Re6+ 41. Kf4 Rg6 42. Kf5 Rc6 43. Ra8+ Kh7 44. Ra7 Kg8 45. Ra8+ Kh7 46. Ra7 Kg8 47. Ra8+ 1/2-1/2